Unlock the Final Answer - History - Statistics

General Stats
  • This quiz has been taken 33,412 times
    33,237 since last reset
  • The average score is 18 of 37
Answer Stats
Hint Answer % Correct
Scientist famous for his E=mc² formula Albert Einstein
98%
Civil rights activist who "had a dream" Martin Luther King
97%
Known for his three laws of motion Isaac Newton
94%
Co-founder of Apple Computer Steve Jobs
93%
His assassination sparked WWI Franz Ferdinand
92%
Inventor of the practical light bulb Thomas Edison
88%
Author of "Oliver Twist" Charles Dickens
74%
Victorious admiral at Trafalgar Horatio Nelson
68%
Mystery historical figure J. F. Kennedy
67%
First Russian president Boris Yeltsin
61%
Joined with England in 1707 Scotland
56%
Leader of the Warsaw Pact Soviet Union
54%
Was led by the Dalai Lama Tibet
52%
Fought against Athens in the Peloponnesian War Sparta
52%
Mystery former country Yugoslavia
49%
Londinium London
46%
Fought the Punic Wars against Rome Carthage
45%
Leningrad St. Petersburg
45%
Hitler annexed its Sudetenland region Czechoslovakia
44%
Province which joined Canada in 1949 Newfoundland
44%
Edo Tokyo
43%
"Green Mountain State" of the U.S. Vermont
37%
Its capital was Dresden Saxony
33%
Batavia Jakarta
32%
Smyrna Izmir
29%
Christiania Oslo
28%
Mediolanum Milan
27%
Mystery city Rangoon
27%
Ending of WWII 1945
26%
The first moon landing 1969
26%
A larger version of a modern-day South American country Gran Colombia
26%
U.S. declares independence 1776
25%
Columbus "discovers" the New World 1492
24%
The Battle of Hastings 1066
23%
The Gunpowder Plot 1605
20%
Death of Alexander the Great 323 BC
19%
Final answer Henry VIII
19%
No matching quizzes found
Score Distribution
Percent of People with Each Score
Percentile by Number Answered
Your Score History
You have not taken this quiz since the last reset